Szipot-Kamerale. Zone 14 Kol. XXXII /
| Korporativní autor: | Rakousko-Uhersko. Militärgeographisches Institut |
|---|---|
| Další autoři: | Scheyer, kartograf, Pollek |
| Jazyk: | Maďarština Němčina Polština |
| Vydáno: |
[Wien] : [K.u.k. Militärgeographisches Institut], [mezi 1872 a 1919] |
| Edice: |
Třetí vojenské mapování 1:75 000 ;
4874, 1872-1919 Spezialkarte der österreich-ungarischen Monarchie 1:75 000 ; 4874, 1872-1919 |
| Témata: | |
| Externí odkaz: |
Digitalizovaný dokument
|
| Fyzický popis: |
1 mapa : černobílá ; 37 x 50 cm, na listu 43 x 55 cm |
| LEADER | 02830nem a2200613 i 4500 | ||
|---|---|---|---|
| 001 | 001510391 | ||
| 003 | CZ BrMZK | ||
| 005 | 20190624110658.0 | ||
| 007 | aj|aanzn | ||
| 008 | 160210q18721919au a 0| ger d | ||
| 034 | 1 | |a a |b 75000 |d E0245000 |e E0252000 |f N0480000 |g N0474500 | |
| 040 | |a BOA001 |b cze |e rda | ||
| 041 | 0 | |a ger |a hun |a pol | |
| 043 | |a e-un--- |a e-rm--- | ||
| 072 | 7 | |a 623 |x Vojenská technika |2 Konspekt |9 19 | |
| 072 | 7 | |a 912 |x Mapy. Atlasy. Glóby |2 Konspekt |9 7 | |
| 080 | |a 623.64 |2 MRF | ||
| 080 | |a 913(477) |2 MRF | ||
| 080 | |a (084.3)528.42 |2 MRF | ||
| 080 | |a (084.3)355/359 |2 MRF | ||
| 110 | 1 | |a Rakousko-Uhersko. |b Militärgeographisches Institut |7 kn20060405003 |4 ctg |4 pbl | |
| 245 | 1 | 0 | |a Szipot-Kamerale. |p Zone 14 Kol. XXXII / |c [K.u.k. Militärgeographisches Institut] ; Schrift u. Gerippe v. ; Terrain: Lieut. Scheyer u. Feuerwerker Pollek |
| 246 | 3 | |a 4874 | |
| 246 | 3 | 0 | |a Zone 14 Kol. XXXII |
| 255 | |a Měřítko 1:75 000 |c (E 24°50'00"--E 25°20'00"/N 48°00'00"--N 47°45'00") | ||
| 264 | 1 | |a [Wien] : |b [K.u.k. Militärgeographisches Institut], |c [mezi 1872 a 1919] | |
| 300 | |a 1 mapa : |b černobílá ; |c 37 x 50 cm, na listu 43 x 55 cm | ||
| 336 | |a kartografický obraz |b cri |2 rdacontent | ||
| 337 | |a bez média |b n |2 rdamedia | ||
| 338 | |a list |b nb |2 rdacarrier | ||
| 490 | 1 | |a [Die Franzisco-Josephinische Landesaufnahme 1:75 000] ; |v 4874, 1872-1919 | |
| 490 | 1 | |a [Spezialkarte der österreich-ungarischen Monarchie im Maße 1:75 000] ; |v 4874, 1872-1919 | |
| 500 | |a Jednobarevný otisk | ||
| 500 | |a Text na spodní části mapy je nedotištěný | ||
| 500 | |a Datováno podle vzniku Die Franzisco-Josephinische Landesaufnahme (a quo) a zániku K.u.k. Militärgeographisches Institut (ad quem) | ||
| 500 | |a V pravém dolním rohu vytištěno číslo 397 | ||
| 562 | |a Razítko: Důvěrné |5 CZ-BrMZK | ||
| 562 | |a Razítko: Jng. Nedvédicky |5 CZ-BrMZK | ||
| 562 | |a Původně přeloženo na 1/2 |5 CZ-BrMZK | ||
| 562 | |a Rukopisná poznámka na rubu: 13 |5 CZ-BrMZK | ||
| 650 | 7 | |a vojenská topografie |7 ph316247 |2 czenas | |
| 651 | 4 | |a Šepit (Ukrajina : oblast) | |
| 655 | 7 | |a topografické mapy |7 fd809173 |2 czenas | |
| 655 | 7 | |a vojenské mapy |7 fd133817 |2 czenas | |
| 700 | 1 | |a Scheyer, |c kartograf |4 ctg | |
| 700 | 1 | |a Pollek |4 ctg | |
| 787 | 0 | 8 | |t Übersichtsblatt der Spezialkarte 1:75 000 |w 1504372 |
| 830 | 0 | |a Třetí vojenské mapování 1:75 000 ; |v 4874, 1872-1919 | |
| 830 | 0 | |a Spezialkarte der österreich-ungarischen Monarchie 1:75 000 ; |v 4874, 1872-1919 | |
| 856 | 4 | 1 | |u http://www.digitalniknihovna.cz/mzk/uuid/uuid:56fd0f29-d519-42d4-8b66-42f0c1e431da |y Digitalizovaný dokument |
| 910 | |a BOA001 |b Mpa-0081.473,4874-1872 | ||
| 990 | |a MP | ||
| 991 | |b 201602 | ||
| 994 | |a PAR |l MZK01 |b 001504372 |m 4874 Szipot-Kamerale. [1872-1919] |n Übersichtsblatt der Spezialkarte 1:75 000 | ||
English
Čeština 